<?xml version="1.0" encoding="UTF-8"?>
<record
    xmlns:xsi="http://www.w3.org/2001/XMLSchema-instance"
    xsi:schemaLocation="http://www.loc.gov/MARC21/slim http://www.loc.gov/standards/marcxml/schema/MARC21slim.xsd"
    xmlns="http://www.loc.gov/MARC21/slim">

  <leader>00978nam a2200229Ia 4500</leader>
  <controlfield tag="003">IN-BaIIA</controlfield>
  <controlfield tag="008">211028s9999    xx            000 0 eng d</controlfield>
  <datafield tag="020" ind1=" " ind2=" ">
    <subfield code="a">4-9980848-0-1</subfield>
  </datafield>
  <datafield tag="040" ind1=" " ind2=" ">
    <subfield code="c">IIA Library</subfield>
  </datafield>
  <datafield tag="080" ind1=" " ind2=" ">
    <subfield code="a">524(082.2)</subfield>
    <subfield code="b">HIR</subfield>
  </datafield>
  <datafield tag="111" ind1=" " ind2=" ">
    <subfield code="a">VSOP Symposium on Astrophysical Phenomena Revealed by Space VLBI</subfield>
    <subfield code="c">ISAS, Japan</subfield>
    <subfield code="d">2000 Jan. 19-21</subfield>
    <subfield code="9">24026</subfield>
  </datafield>
  <datafield tag="245" ind1=" " ind2="0">
    <subfield code="a">Astrophysical phenomena revealed by space VLBI</subfield>
    <subfield code="b">proceedings of the VSOP symposium on astrophysical phenomena revealed by space VLBI, held in ISAS, Japan, 19-21 Jan 2000</subfield>
    <subfield code="c">edited by H. Hirabayashi, P. G. Edwards and D. W. Murphy                                            </subfield>
  </datafield>
  <datafield tag="260" ind1=" " ind2=" ">
    <subfield code="a">Japan</subfield>
    <subfield code="b">Institute of Space and Astronautical Sciences</subfield>
    <subfield code="c">2000</subfield>
  </datafield>
  <datafield tag="300" ind1=" " ind2=" ">
    <subfield code="a">xxi, 329p.</subfield>
  </datafield>
  <datafield tag="650" ind1=" " ind2=" ">
    <subfield code="a">Astronomy</subfield>
    <subfield code="9">80</subfield>
  </datafield>
  <datafield tag="650" ind1=" " ind2=" ">
    <subfield code="a">Radioactivity</subfield>
    <subfield code="9">1529</subfield>
  </datafield>
  <datafield tag="650" ind1=" " ind2=" ">
    <subfield code="a">Radioisotopes</subfield>
    <subfield code="9">24027</subfield>
  </datafield>
  <datafield tag="700" ind1=" " ind2=" ">
    <subfield code="a">Edwards, P. G., ed. </subfield>
    <subfield code="9">24028</subfield>
  </datafield>
  <datafield tag="700" ind1=" " ind2=" ">
    <subfield code="a">Hirabayashi, H., ed.</subfield>
    <subfield code="9">24029</subfield>
  </datafield>
  <datafield tag="700" ind1=" " ind2=" ">
    <subfield code="a">Murphy, D. W., ed.</subfield>
    <subfield code="9">24030</subfield>
  </datafield>
  <datafield tag="942" ind1=" " ind2=" ">
    <subfield code="c">BK</subfield>
  </datafield>
  <datafield tag="999" ind1=" " ind2=" ">
    <subfield code="c">13673</subfield>
    <subfield code="d">13673</subfield>
  </datafield>
  <datafield tag="952" ind1=" " ind2=" ">
    <subfield code="0">0</subfield>
    <subfield code="1">0</subfield>
    <subfield code="4">0</subfield>
    <subfield code="7">0</subfield>
    <subfield code="a">BAN</subfield>
    <subfield code="b">BAN</subfield>
    <subfield code="c">GEN</subfield>
    <subfield code="d">2000-08-21</subfield>
    <subfield code="e">ISAS  </subfield>
    <subfield code="g">100.00</subfield>
    <subfield code="l">0</subfield>
    <subfield code="o">524(082.2)/ HIR</subfield>
    <subfield code="p">14592</subfield>
    <subfield code="r">2021-11-05</subfield>
    <subfield code="v">100.00</subfield>
    <subfield code="w">2000-08-21</subfield>
    <subfield code="y">BK</subfield>
    <subfield code="G">Rs. 100.00  </subfield>
  </datafield>
</record>
